000 00417nam a2200145 4500
999 _c11989
_d11989
008 210115b ||||| |||| 00| 0 eng d
082 0 0 _a629.4
_bS5568
100 _94253
_aShinners, Stanley M.
245 1 0 _aModern control system theory and design /
_cby Stanley M. Shinners
250 _a1st ed.
260 _aNew York:
_bJohn wiley,
_c1992.
300 _axvi, 855 p.
650 0 _aControl Theory
942 _2ddc
_cBK